000 00441nam a2200181Ia 4500
001 2479
005 20260306144810.0
008 260306t2007||||xx |||||||||||||| ||spa||
041 _aESP
082 _a616.891
_bG11
100 _aGavino, Aurora (Coord.)
_eAUT
245 0 _aGuía de técnicas de terapia de conducta
260 _c2007
300 _a201 páginas :
_c23 cm.
650 _aGEN
654 _aCPS
942 _cLIB
_dJUS
_fJUS
_2ddc
_n
999 _c2479
_d2479